000 01000nam a2200265Ia 4500
003 OSt
005 20250729151326.0
008 191128s1967 ck gr 000 f spa d
040 _aCO-JMCR
_cCO-JMCR
041 _aspa
082 0 4 _aA-C
_bCARs
100 1 _aCarrasquilla, Tomás,
_d1858-1940
_eautor
_99721
245 0 _aSiete cuentos colombianos /
245 1 0 _cTomás Carrasquilla, Efe Gómez, Jesús del Corral, Tulio González, Jesús Zárate Moreno
_bautor
260 _aBogotá :
_bEdiciones sol y luna,
_c1967
300 _a219 páginas ;
_c17 cm.
490 0 _aCuentos ; 13
505 _aEl superhombre -- Que pase el aserrador -- La tragedia del minero -- El ultimo arriero -- La cabra de nubia -- Inocencia
650 1 4 _aPoesía colombiana
_99722
700 _aGómez, Efe,
_d1873-1938,
_eautor
_99723
700 _aCorral, Jesús del,
_eautor
_99724
700 _aGonzález, Tulio,
_eautor
_99725
700 _a Zárate Moreno, Jesús,
_d1915-1967
_eautor
_99726
942 _2ddc
_cBK
999 _c3467
_d3467